Materials Science and Engineering, (In SI Units) - 5th edi (Record no. 535202)
[ view plain ]
| 000 -LEADER | |
|---|---|
| fixed length control field | 00379nam a22001337a 4500 |
| 020 ## - INTERNATIONAL STANDARD BOOK NUMBER | |
| International Standard Book Number | 9789339204570 |
| 040 ## - CATALOGING SOURCE | |
| Transcribing agency | MSOHAIL |
| 082 ## - DEWEY DECIMAL CLASSIFICATION NUMBER | |
| Edition number | 620.11 |
| Author Mark | SMI |
| 100 ## - MAIN ENTRY--PERSONAL NAME | |
| Personal name | William F. Smith; Javad Hashem; Ravi Prakash |
| 9 (RLIN) | 29648 |
| 245 ## - TITLE STATEMENT | |
| Title | Materials Science and Engineering, (In SI Units) - 5th edi |
| 260 ## - PUBLICATION, DISTRIBUTION, ETC. | |
| Place of publication, distribution, etc. | McGraw-Hill Education |
| Date of publication, distribution, etc. | c2014 |
| 300 ## - PHYSICAL DESCRIPTION | |
| Extent | 947;p |
| 942 ## - ADDED ENTRY ELEMENTS (KOHA) | |
| Source of classification or shelving scheme | |
| Koha item type | Book |
| Edition | 5th |
| Withdrawn status | Lost status | Source of classification or shelving scheme | Damaged status | Not for loan | Permanent Location | Current Location | Date acquired | Total Checkouts | Full call number | Barcode | Date last seen | Date last checked out | Price effective from | Koha item type |
|---|---|---|---|---|---|---|---|---|---|---|---|---|---|---|
| School of Civil and Environmental Engineering (SCEE) | School of Civil and Environmental Engineering (SCEE) | 08/31/2020 | 1 | 620.11 SMI | NIT-13109 | 08/31/2021 | 11/13/2020 | 08/31/2020 | Book |
